Handbook of microbiological quality control : (Record no. 330316)
[ view plain ]
| 000 -LEADER | |
|---|---|
| fixed length control field | 01376cam a22003014a 4500 |
| 001 - CONTROL NUMBER | |
| control field | 12011072 |
| 003 - CONTROL NUMBER IDENTIFIER | |
| control field | NUST |
| 005 - DATE AND TIME OF LATEST TRANSACTION | |
| control field | 20170620122606.0 |
| 008 - FIXED-LENGTH DATA ELEMENTS--GENERAL INFORMATION | |
| fixed length control field | 000517s2000 enkaf bf 001 0 eng |
| 010 ## - LIBRARY OF CONGRESS CONTROL NUMBER | |
| LC control number | 00041187 |
| 020 ## - INTERNATIONAL STANDARD BOOK NUMBER | |
| Canceled/invalid ISBN | 074840614X (alk. paper) |
| 040 ## - CATALOGING SOURCE | |
| Original cataloging agency | DLC |
| Transcribing agency | DLC |
| Modifying agency | DLC |
| 042 ## - AUTHENTICATION CODE | |
| Authentication code | pcc |
| 050 00 - LIBRARY OF CONGRESS CALL NUMBER | |
| Classification number | QR46.5 |
| Item number | .H36 2000 |
| 082 00 - DEWEY DECIMAL CLASSIFICATION NUMBER | |
| Classification number | 615.19 ROS |
| Edition number | 21 |
| 245 00 - TITLE STATEMENT | |
| Title | Handbook of microbiological quality control : |
| Remainder of title | pharmaceuticals and medical devices / |
| Statement of responsibility, etc. | edited by Rosamund M. Baird, Norman A. Hodges, Stephen P. Denyer. |
| 260 ## - PUBLICATION, DISTRIBUTION, ETC. | |
| Place of publication, distribution, etc. | London ; |
| -- | New York : |
| Name of publisher, distributor, etc. | Taylor & Francis, |
| Date of publication, distribution, etc. | 2000. |
| 300 ## - PHYSICAL DESCRIPTION | |
| Extent | xvi, 254 p., [4] p. of plates : |
| Other physical details | ill. (some col.) ; |
| Dimensions | 26 cm. |
| 440 #0 - SERIES STATEMENT/ADDED ENTRY--TITLE | |
| Title | Taylor & Francis series in pharmaceutical sciences |
| 9 (RLIN) | 2919 |
| 500 ## - GENERAL NOTE | |
| General note | H.B |
| 504 ## - BIBLIOGRAPHY, ETC. NOTE | |
| Bibliography, etc. note | Includes bibliographical references and index. |
| 650 #0 - SUBJECT ADDED ENTRY--TOPICAL TERM | |
| Topical term or geographic name entry element | Pharmaceutical microbiology |
| Form subdivision | Handbooks, manuals, etc. |
| 9 (RLIN) | 2920 |
| 650 #0 - SUBJECT ADDED ENTRY--TOPICAL TERM | |
| Topical term or geographic name entry element | Drugs |
| General subdivision | Sterilization |
| Form subdivision | Handbooks, manuals, etc. |
| 9 (RLIN) | 2921 |
| 650 #0 - SUBJECT ADDED ENTRY--TOPICAL TERM | |
| Topical term or geographic name entry element | Pharmaceutical industry |
| General subdivision | Quality control |
| Form subdivision | Handbooks, manuals, etc. |
| 9 (RLIN) | 2922 |
| 700 1# - ADDED ENTRY--PERSONAL NAME | |
| Personal name | Denyer, S. P. |
| 9 (RLIN) | 2923 |
| 700 1# - ADDED ENTRY--PERSONAL NAME | |
| Personal name | Baird, R. M. |
| Fuller form of name | (Rosamund M.) |
| 9 (RLIN) | 2924 |
| 700 1# - ADDED ENTRY--PERSONAL NAME | |
| Personal name | Hodges, Norman A. |
| 9 (RLIN) | 2925 |
| 906 ## - LOCAL DATA ELEMENT F, LDF (RLIN) | |
| a | 7 |
| b | cbc |
| c | orignew |
| d | 1 |
| e | ocip |
| f | 20 |
| g | y-gencatlg |
| 942 ## - ADDED ENTRY ELEMENTS (KOHA) | |
| Source of classification or shelving scheme | |
| Koha item type | Book |
| Call number prefix | IESE |
| Withdrawn status | Lost status | Source of classification or shelving scheme | Damaged status | Not for loan | Collection code | Permanent Location | Current Location | Shelving location | Date acquired | Total Checkouts | Full call number | Barcode | Date last seen | Price effective from | Koha item type |
|---|---|---|---|---|---|---|---|---|---|---|---|---|---|---|---|
| Institute of Environmental Science and Engineering (IESE) | Institute of Environmental Science and Engineering (IESE) | General Stacks | 06/20/2017 | 615.19 ROS | IESE-1133 | 06/20/2017 | 06/20/2017 | Book |
